000 005240000a22001810004500
003 MACL
005 20160324161612.0
008 160324b xxu||||| |||| 00| 0 eng d
040 _aMACL
_cMACL
041 _aHindi
082 _a200
100 _aभक्‍तराज संतश्रेष्‍ठ
_948416
245 _aतुकाराम
260 _bज्ञान यज्ञ प्रकाशन
_c1997
_aदिल्‍ली
350 _a50
650 _aReligiion
_948417
942 _cHIN
_k200
_2ddc
999 _c12005
_d12005